| 000 -CABECERA |
| campo de control de longitud fija |
00723nam a2200217 a 4500 |
| 001 - NÚMERO DE CONTROL |
| campo de control |
000052257 |
| 005 - FECHA Y HORA DE LA ÚLTIMA TRANSACCIÓN |
| campo de control |
20200120222719.0 |
| 008 - DATOS DE LONGITUD FIJA--INFORMACIÓN GENERAL |
| campo de control de longitud fija |
130121s1992 ck r 000 d spa d |
| 020 ## - NÚMERO INTERNACIONAL ESTÁNDAR DEL LIBRO |
| Número Internacional Estándar del Libro |
9586121089 |
| 041 0# - CÓDIGO DE LENGUA |
| Código de lengua del texto/banda sonora o título independiente |
spa |
| 043 ## - CÓDIGO DE ÁREA GEOGRÁFICA |
| Código de área geográfica |
s-ck--- |
| 090 ## - LOCALMENTE ASIGNADO TIPO-LC NÚMERO DE CLASIFICACIÓN (OCLC); NÚMERO DE CLASIFICACIÓN LOCAL (RLIN) |
| Número de clasificación (OCLC) (R) ; Numero de clasificación, CALL (RLIN) (NR) |
AT |
| Número cutter local (OCLC) ; Número de libro/Signatura topográfica íntegra, CALL (RLIN) |
DIAH |
| 100 1# - ENTRADA PRINCIPAL--NOMBRE DE PERSONA |
| Nombre de persona |
Díaz Vargas, Henry |
| Fechas asociadas al nombre |
1948-. |
| 245 10 - MENCIÓN DE TÍTULO |
| Título |
La sangre más transparente / |
| Mención de responsabilidad, etc. |
Henry Díaz Vargas. |
| 250 ## - MENCIÓN DE EDICIÓN |
| Mención de edición |
1a. ed. |
| 260 ## - PUBLICACIÓN, DISTRIBUCIÓN, ETC. |
| Lugar de publicación, distribución, etc. |
Bogotá : |
| Nombre del editor, distribuidor, etc. |
Colcultura, |
| Fecha de publicación, distribución, etc. |
1992. |
| 300 ## - DESCRIPCIÓN FÍSICA |
| Extensión |
84 p. |
| 490 #0 - MENCIÓN DE SERIE |
| Mención de serie |
Premios Nacionales 92 |
| -- |
Literatura |
| 500 ## - NOTA GENERAL |
| Nota general |
Premio Nacional de Literatura, 1992. |
| 500 ## - NOTA GENERAL |
| Nota general |
Ej. 1 del Biblioparque de Funza: colección proveniente de la Antigua Biblioteca Municipal de Funza, Centro Cultural Bacatá, Funza (Cundinamarca). |